Başbakan sayın Ahmet Davutoğlu tarafından Türkiye Büyük Millet Meclisine Sunulan 64. Hükümet programı (Record no. 10722)

MARC details
000 -BAŞLIK
Sabit Uzunlukta Kontrol Alanı 00984na a2200277 4500
001 - KONTROL NUMARASI
Denetim Alanı 24201
003 - KONTROL NUMARASI IDENTIFIER
Denetim Alanı MIRAKIL
005 - SON İŞLEM TARİHİ VE ZAMANI
Denetim Alanı 20181213155331.0
008 - SABİT-BOY VERİ ELEMANLARI - GENEL BİLGİLER
Sabit Uzunlukta Kontrol Alanı 180613b tu 000 0
040 ## - KATALOGLAMA KAYNAK
Orijinal Kataloglama Ajansı Milas
Kataloglama Dili tur
Metne Dönüştürmek Ajansı TR-AnCHP
041 ## - DİL KODU
Metin / Ses Parça Veya Ayrı Başlığın Dil Kodu tur
082 ## - DEWEY ONLU SINIFLANDIRMA NUMARASI
Sınıflandırma Numarası 353.04
Ürün Numarası T96 2015
090 ## - SINIFLAMA NUMARASI
Sınıflama Numarası 353.04 T96 2015
110 ## - ANA GİRİŞ - KURUMSAL ADI
Giriş Elemanı Olarak Kurumsal Ad Veya Yargı Alanı Adı Türkiye Cumhuriyeti Başbakanlık
245 ## - BAŞLIK TABLOSU
Başlık Başbakan sayın Ahmet Davutoğlu tarafından Türkiye Büyük Millet Meclisine Sunulan 64. Hükümet programı
Başlığın Kalan Başbakan Ahmet Davutoğlu
Sorumluluk Tablosu, Vb Ahmet Davutoğlu
246 ## - UNVAN FORM VARYING
Başlık Doğru / Kısa Başlığı 64.hükümet programı
260 ## - YAYIN, DAĞITIM, VB
Yayın, Dağıtım, Vb Yeri Ankara
Yayıncı, Dağıtıcı, Vs Adı Başbakanlık
Yayın, Dağıtım, Vb Tarihi 2015
300 ## - FİZİKSEL TANIM
Kapsam 158 s.
Boyutlar 24 sm.
610 ## - KONU KATMA GİRİŞ - TOPLANTI ADI
Giriş Elemanı Olarak Kurumsal Ad Veya Yargı Alanı Adı Hükümet, 64.
Genel Alt Bölüm Programlar, 2015
610 ## - KONU KATMA GİRİŞ - TOPLANTI ADI
Giriş Elemanı Olarak Kurumsal Ad Veya Yargı Alanı Adı Adalet ve Kalkınma Partisi (AKP)
Genel Alt Bölüm Hükümet programı
650 ## - KONU KATMA GİRİŞ - TOPİKAL DÖNEM
Topikal Süreli Veya Coğrafi Ad Giriş Elemanı 64. Hükümet
Kronolojik Alt Bölümü Hükümet programı
650 ## - KONU KATMA GİRİŞ - TOPİKAL DÖNEM
Topikal Süreli Veya Coğrafi Ad Giriş Elemanı Siyaset ve yönetim
Genel Alt Bölümü Hükümet programları, 2015
Coğrafi Alt Bölümü Türkiye
700 ## - KATMA GİRİŞ - KİŞİSEL İSİM
Kişisel Ad Davutoğlu, Ahmet
942 ## - EKLENDİ GİRİŞ ELEMANLARI (KOHA)
Sınıflandırma Veya Raf Düzeni Kaynak Dewey Decimal Classification
Koha Öğesi Türü Books
999 ## - SİSTEM KONTROL NUMARALARI (KOHA)
Koha Biblionumber 10722
Koha Biblioitemnumber 10722
657 ## - INDEX SÜRE - İŞLEVİ
-- 64. hükümet programı
Holdings
Kalıcı Konum Mevcut Konum Edinme Tarihi Edinim Kaynak Toplam Check-Out'Lar Tam Çağrı Numarası Barkod Tarih Son Görülme İtibaren Geçerli Fiyatlar Koha Öğesi Türü
CHP Kütüphanesi CHP Kütüphanesi 06/13/2018 Bağış   353.04 T96 2015 018207 06/13/2018 06/13/2018 Books